000 00507nam a22001817a 4500
999 _c195031
_d195031
005 20230209110942.0
010 _aENG-136177
020 _a9788188765198
_c400.00
035 _aEN-119709
037 _bDBAD/PUB
082 _a954.31
100 _aGanesh, K.N.
245 _aReflection on Pre Modern Kerala
_cK.N. Ganesh
260 _aKerala
_bCosmo Books
_c2016
270 _bKerala
_mcosmobooks@asianetindia.com
300 _a315p.
_bIndex
_c22cm(pbk)
942 _2ddc
_cEN
_h954.31
_mGAN